Convex bodies : the Brunn-Minkowski theory /
Guardado en:
| Autor Principal: | |
|---|---|
| Formato: | Libro |
| Idioma: | English |
| Publicado: |
Cambridge :
Cambridge University Press,
1993.
|
| Series: | Encyclopedia of mathematics and its applications ;
v. 44 |
| Materias: | |
| Acceso en línea: | Texto de muestra (PDF, 22 p.) Publisher description |
| Etiquetas: |
Agregar Etiqueta
Sin Etiquetas, Sea el primero en etiquetar este registro!
|
| LEADER | 01196cam a2200253 a 4500 | ||
|---|---|---|---|
| 001 | MAT.inmabb003652 | ||
| 008 | 920309s1993####enk######b####001#0#eng## | ||
| 005 | 20130318130346.0 | ||
| 245 | 1 | 0 | |a Convex bodies : |b the Brunn-Minkowski theory / |c Rolf Schneider. |
| 260 | |a Cambridge : |b Cambridge University Press, |c 1993. | ||
| 300 | |a xiii, 490 p. ; |c 24 cm. | ||
| 440 | 0 | |a Encyclopedia of mathematics and its applications ; |v v. 44 | |
| 504 | |a Incluye referencias bibliográficas (p. 433-473) e índices. | ||
| 505 | 0 | |a 1. Basic convexity -- 2. Boundary structure -- 3. Minkowski addition -- 4. Curvature measure and quermassintegrals -- 5. Mixed volumes and related concepts -- 6. Inequalities for mixed volumes -- 7. Selected applications. | |
| 510 | 4 | |a MR, |c 94d:52007 | |
| 020 | |a 0521352207 (hc) | ||
| 100 | 1 | |a Schneider, Rolf, |d 1940- | |
| 650 | 0 | |a Convex bodies. | |
| 084 | |a 52A39 (52-02 52A20) |2 msc2000 | ||
| 010 | |a 92011481 | ||
| 040 | |a DLC |c DLC |d DLC | ||
| 856 | 4 | 1 | |3 Texto de muestra (PDF, 22 p.) |u http://www.loc.gov/catdir/samples/cam034/92011481.pdf |
| 856 | 4 | 2 | |3 Publisher description |u http://www.loc.gov/catdir/description/cam025/92011481.html |
| 859 | |h 52 |i Sc358 |p A-7169 |b BIB. MATEMATICA | ||
